00424 2200181 4500001002100000005001500021008004100036020001800077035001900095041000700114082000800121090001400129100001900143245002100162260003100183300001800214650001000232INLIS00000000002044120241224115906241224||||||||| | ||| |||| || |  a979-668-789-5 0010-1224020441 aid0 a813 a813 NUG r0 aZENI S.NUGROHO00aRumah Baru Pipit aSolobTiga Serangkaic2007 a24hlm;18x25cm 0afiksi